00928nam a2200217 i 450000100060000000300090000600500170001500700030003200800410003510000250007624502440010125000120034526000590035730000440041670000250046070000250048570000310051085200310054199900170057295201210058958839ES-MaACL20230906163912.0t|031024s1943 sp ||||1| spa d1 aEggert, John.94672410aTratado de Química Física en exposición elemental / cpor John Eggert ; con la colaboración de Lothar Hock ; versión española por J. Palacios ; revisada y puesta al día según la 5ª edición alemana por J. Mercadal Medina. a2ª ed. aBarcelona : bLabor, c1943 (fTall. Ibero-Americanos) aXVI, 726 p. : bil., gráf. ; c24 cm.1 aHock, Lothar.9638791 aPalacios, J.91923571 aMercadal Medina, J.980413 aES-MaACLjE-1459 bR.30888 c58839d58839 00104070aATENEOMbATENEOMcDEPO2d2008-01-17eSCl0oE-1459p1061725r2023-02-23 00:00:00w2023-02-23yMONOGRAFIA